MARC details
| 000 -CABECERA |
| campo de control de longitud fija |
01016nam a2200241 u 4500 |
| 005 - FECHA Y HORA DE LA ÚLTIMA TRANSACCIÓN |
| campo de control |
20220811125825.0 |
| 008 - ELEMENTOS DE LONGITUD FIJA--INFORMACIÓN GENERAL |
| campo de control de longitud fija |
160912s2014 mx r 000 0 spa d |
| 020 ## - NÚMERO INTERNACIONAL NORMALIZADO PARA LIBROS |
| Número Internacional Estándar del Libro |
9786072803015 (UAM) |
| 020 ## - NÚMERO INTERNACIONAL NORMALIZADO PARA LIBROS |
| Número Internacional Estándar del Libro |
9786077112488 (Juan Pablos) |
| 035 ## - NÚMERO DE CONTROL DEL SISTEMA |
| Número de control de sistema |
UPN01000213137 |
| 049 ## - COLECCIÓN |
| Colección |
CG |
| 050 #4 - SIGNATURA TOPOGRÁFICA DE LA BIBLIOTECA DEL CONGRESO |
| Número de clasificación |
HN110.5 A4.4 |
| Número de documento/Ítem |
A3.7 |
| 245 00 - MENCIÓN DE TÍTULO |
| Título |
Actores sociales, violencias y luchas de emancipación : |
| Resto del título |
lecturas desde una antropología crítica / |
| Mención de responsabilidad, etc. |
coord. Margarita del Carmen Zárate Vidal. |
| 260 ## - PUBLICACIÓN, DISTRIBUCIÓN, ETC. |
| Lugar de publicación, distribución, etc. |
México : |
| Nombre del editor, distribuidor, etc. |
UAM-Iztapalapa, División de Ciencias Sociales y Humanidades, Departamento de Sociología : |
| -- |
Juan Pablos, |
| Fecha de publicación, distribución, etc. |
2014. |
| 300 ## - DESCRIPCIÓN FÍSICA |
| Extensión |
242 p. : |
| Otras características físicas |
cuadros |
| 440 #0 - MENCIÓN DE SERIE/ASIENTO SECUNDARIO--TÍTULO |
| Título |
Biblioteca de alteridades ; |
| Designación de volumen o secuencia |
35 |
| 650 #4 - ASIENTO SECUNDARIO DE MATERIA - TERMINO TEMATICO |
| Término de materia o nombre geográfico como elemento de entrada |
Movimientos sociales |
| Subdivisión geográfica |
América Latina |
| Subdivisión de forma |
Congresos |
| 9 (RLIN) |
25403 |
| 651 #4 - ASIENTO SECUNDARIO DE MATERIA - NOMBRE GEOGRAFICO |
| Nombre geográfico |
AMERICA LATINA - |
| Subdivisión general |
CONDICIONES SOCIALES - |
| Subdivisión de forma |
CONGRESOS |
| 9 (RLIN) |
6818 |
| 650 #4 - ASIENTO SECUNDARIO DE MATERIA - TERMINO TEMATICO |
| Término de materia o nombre geográfico como elemento de entrada |
REFORMADORES SOCIALES - |
| Subdivisión geográfica |
AMERICA LATINA - |
| Subdivisión de forma |
CONGRESOS |
| 9 (RLIN) |
25404 |
| 700 1# - ASIENTO SECUNDARIO--NOMBRE DE PERSONAL |
| Nombre de persona |
Zárate Vidal, Margarita del Carmen, |
| Término indicativo de función/relación |
coord. |
| 905 ## - TIPO DE MATERIAL |
| Tipo de material |
Libro |